Strena Christiana, sive, Hortatiunculæ ad præcipuous virtutum actus exteriores, sana doctrina & pietate referatæe /

Bibliographic Details
Main Author: Grimston, Harbottle, 1603-1685
Format: Microform Book
Language:Latin
Published: Londini : Sumptibus Joh. Wright ..., 1645.
Edition:Secund editio.
Series:Early English books, 1641-1700 ; 1634:28.
Subjects:

MARC

Tag First Indicator Second Indicator Subfields
LEADER 00000cam a2200000 a 4500
001 in00000950855
005 20150925142349.0
007 h| afa013baca
007 hd bfa013baaa
008 880829r19851645miu a 00010 lat d
035 |a (OCoLC)18421609 
035 |9 AES6596AM 
037 |a CL0037000059  |b University Microfilms International 
037 |b University Microfilms International, 300 N. Zeeb Rd., Ann Arbor, MI 48106 
040 |a EAJ  |c EAJ  |d UtOrBLW 
049 |a TXAI 
090 |a BV4500  |b .G74 
099 |a film   |a  B   |a  3609 
100 1 |a Grimston, Harbottle,  |d 1603-1685. 
245 1 0 |a Strena Christiana, sive, Hortatiunculæ ad præcipuous virtutum actus exteriores, sana doctrina & pietate referatæe /  |c per Harbottellum Grimstonium ... 
250 |a Secund editio. 
264 1 |a Londini :  |b Sumptibus Joh. Wright ...,  |c 1645. 
300 |a 4 unnumbered pages, 117 pages, 4 unnumbered pages 
336 |a text  |b txt  |2 rdacontent 
337 |a microform  |b h  |2 rdamedia 
338 |a microfilm reel  |b hd  |2 rdacarrier 
500 |a Imperfect: tightly bound, with print show-through. 
500 |a Reproduction of original in the British Library. 
510 4 |a Wing  |c G2048 
533 |a Microfilm.  |b Ann Arbor, Mich. :  |c University Microfilms International,  |d 1985.  |e 1 microfilm reel ; 35 mm.  |f (Early English books, 1641-1700 ; 1634:28) 
500 |a Microform. 
650 0 |a Christian life. 
740 0 |a Strena Christiana. 
740 0 |a Hortatiunculæ ad præcipuous virtututum actus exteriores. 
830 0 |a Early English books, 1641-1700 ;  |v 1634:28. 
999 |a MARS 
999 f f |s 6a2cc2e1-4db7-3d91-b76d-8809dcb619be  |i c3ec968a-ec2e-3157-b964-f10d5a4d6ae9  |t 0 
952 f f |p default  |a Texas A&M University  |b College Station  |c Sterling C. Evans Library  |d Evans: Microforms (3rd floor)  |t 0  |e film B 3609 1634:28  |h Other scheme  |i microform -- microfilm reel 
998 f f |a film B 3609 1634:28  |t 0  |l Evans: Microforms (3rd floor)